Quiz Formule 1 - Statistiques

Statistiques générales
  • Ce quiz a été pris 199 fois
  • Le résultat moyen est 6 sur 13
Statistiques - réponses
Indice Réponse % Correct
Je suis une écurie dont le nom est présent sur tous les podiums Ferrari
94%
Je suis celui qui à empêcher red bull d'avoir 100% de victoire en 2023... Carlos Sainz
89%
Seul pilote français à avoir gagner le championnat Alain Prost
86%
Je suis le rival de la réponse précédente Ayrton senna
85%
Année du premier championnat de formule 1 1950
64%
...au grand prix de Singapour
62%
J'ai abandonné ma course à domicile en 2023 Checo Perez
51%
Nous avons été annulé durant la saison 2023 Emilie-Romagne/ Chine
37%
Dernier grand prix du précédent pilote Saint-Marin
26%
Je suis celui qui à propulsé les carrières de Schumacher Flavio Briatore
16%
Mon écurie a été au centre d'une des plus grosses polémique de la formule 1 a cause d'une course datant de 2008 Bernard Rey
1%
Je suis l'effet physique qui permet l'aérodynamisme en formule 1 L'effet Venturi
1%
Nombres de point inscrit au cours de toute sa carrière par Hamilton à l'issus de la saison 2023 46 773,5
0%
Aucun quiz correspondant
Distribution des résultats
% des personnes avec chaque résultat
Percentile par nombre de réponses
Votre historique - résultats
Vous n’avez pas pris ce quiz